Statistics for Bing Crosby Filmography

Click here to take the quiz!

General Stats

  • This quiz has been taken 19 times
    (6 since last reset)
  • The average score is 10 of 244

Answer Stats

TypeYearName% Correct
Film1942Holiday Inn
80%
Film1942Road to Morocco
80%
Film1954White Christmas
80%
Film1956High Society
60%
Film1947Road to Rio
60%
Film1952Road to Bali
40%
Film1941Road to Zanzibar
40%
Film1945The Bells of St. Mary's
40%
Documentary1998A Bing Crosby Christmas
20%
Film1951Angels in the Outfield
20%
Film1956Anything Goes
20%
Film1936Anything Goes
20%
Film1939East Side of Heaven
20%
Film1933Going Hollywood
20%
Film1944Going My Way
20%
Film1936Pennies from Heaven
20%
Film1940Road to Singapore
20%
Film1964Robin and the 7 Hoods
20%
TV Show1959-1963The Bing Crosby Show
20%
TV Special1961The Bing Crosby Show
20%
TV Special1964The Bing Crosby Show
20%
TV Show1964-1965The Bing Crosby Show
20%
TV Show1954-1956The Bing Crosby Show
20%
TV Special1968The Bing Crosby Show
20%
TV Special1954The Bing Crosby Show
20%
Film1954The Country Girl
20%
TV Show1967, 1969, 1971The Dean Martin Show
20%
TV Show1957The Frank Sinatra Show
20%
Film1957The Joker Is Wild
20%
Film1944The Princess and the Pirate
20%
Film1962The Road to Hong Kong
20%
TV Show1975, 1976The Tonight Show Starring Johnny Carson
20%
TV Show1964ABC's Wide World of Entertainment
0%
Film1948A Connecticut Yankee in King Arthur's Court
0%
Short Documentary1950Alberta Vacation
0%
Film1959Alias Jesse James
0%
TV Special1967A Little Bit of Irish
0%
Short Documentary1941Angels of Mercy
0%
TV Special1976An Hour with Bing & Kathryn Crosby
0%
TV Special1977Barbara Walters Special
0%
TV Show1961Big Night Out
0%
Short Film1932Billboard Girl
0%
TV Special1977Bing - A 50th Anniversary Gala
0%
TV Special1969Bing & Carol - Together Again for the First Time
0%
TV Special1959Bing Crosby and Dean Martin Present High Hopes
0%
TV Documentary1975Bing Crosby and Fred Astaire: A Couple of Song and Dance Men
0%
TV Special1958Bing Crosby and His Friends
0%
TV Special1972Bing Crosby and His Friends
0%
TV Special1971Bing Crosby and the Sounds of Christmas
0%
TV Special1970Bing Crosby - Cooling It
0%
TV Documentary1978Bing Crosby: His Life and Legend
0%
TV Documentary1965Bing Crosby in Dublin
0%
TV Show1968-1977Bing Crosby National Pro-Am
0%
TV Special1970Bing Crosby's Christmas Show for the Bell System Family Theatre
0%
TV Special1977Bing Crosby's Merrie Olde Christmas
0%
TV Special1968Bing Crosby Special: Making Movies
0%
Documentary1997Bing Crosby's Road to Hollywood
0%
TV Special1973Bing Crosby's Sun Valley Christmas Show
0%
Short Documentary1968Bing Crosby's Washington State
0%
TV Special1976Bing Crosby's White Christmas
0%
TV Special1977Bing in Norway
0%
Short Film1956Bing Presents Oreste
0%
TV Special1976Bing with Pat - A Look at a Legend
0%
Film1941Birth of the Blues
0%
Short Film1933Blue of the Night
0%
Film1946Blue Skies
0%
TV Special1963Bob Hope Comedy Special
0%
TV Show1963Bob Hope Presents the Chrysler Theatre
0%
Radio Series1947Burns & Allen Show
0%
Film1972Cancel My Reservation
0%
TV Special1972, 1974Christmas with the Bing Crosby's
0%
TV Special1969, 1971Chrysler Presents the Bob Hope Special
0%
Documentary1966Cinerama's Russian Adventure
0%
Film1933College Humor
0%
Film1931Confessions of a Co-Ed
0%
Short Documentary1952Crusade for Prayer
0%
TV Special1966Danny Thomas Special: On the Road to Lebanon
0%
TV Show1975Dinah!
0%
Film1943Dixie
0%
Film1938Doctor Rhythm
0%
Short Film1943Don't Hook Now
0%
Film1937Double or Nothing
0%
TV Film1971Dr. Cook's Garden
0%
Short Film1932Dream House
0%
Film1945Duffy's Tavern
0%
Radio Series1957Family Theater
0%
TV Special1969Feelin' Groovy at Marine World
0%
TV Show1956Ford Star Jubilee
0%
Commercial1956Ford Thunderbird
0%
TV Special1976From Montreal, the Bob Hope Olympic Benefit
0%
TV Short1970Goldilocks
0%
Short Documentary1967Golf's Golden Years
0%
TV Show1976Good Morning America
0%
TV Show1975Grandstand
0%
Film1951Here Comes the Groom
0%
Film1944Here Come the Waves
0%
Film1934Here is My Heart
0%
Film1960High Time
0%
Short Film1938Hollywood Handicap
0%
Short Film1932Hollywood on Parade
0%
Short Film1933Hollywood on Parade No. 11
0%
Short Film1933Hollywood on Parade No. A-9
0%
Short Film1945Hollywood Victory Caravan
0%
Film1940If I Had My Way
0%
TV Show1953I Married Joan
0%
TV Special1976, 1977International Pro-Celebrity Golf
0%
Short Film1931I Surrender Dear
0%
Film1949Jolson Sings Again
0%
Short Film1934Just an Echo
0%
Film1952Just for You
0%
Short Film1974Just One More Time
0%
Film1930King of Jazz
0%
TV Show1960Kraft Music Hall
0%
TV Show1965Late Night Line-Up
0%
Film1960Let's Make Love
0%
Film1953Little Boy Lost
0%
Theater1927Lucky
0%
Radio Series1943Lux Radio Theater
0%
Film1957Man on Fire
0%
Short Documentary1941Meet the Stars #6: Stars at Play
0%
TV Special1975Merry Christmas Fred, from the Crosby's
0%
Film1935Mississippi
0%
TV Special1971Monsanto Presents Mancini
0%
Film1950Mr. Music
0%
Film1942My Favorite Blonde
0%
Film1947My Favorite Brunette
0%
Commercial1961Oldsmobile Starfire
0%
TV Special1952Olympic Fund Telethon
0%
Short Film1931One More Chance
0%
TV Documentary1967One Night Stands
0%
Film1945Out of This World
0%
Film1939Paris Honeymoon
0%
TV Show1972, 1975Parkinson
0%
Film1960Pepe
0%
TV Show1954Person to Person
0%
Radio Series1944Philco Hall of Fame
0%
Short Film1933Please
0%
Film1930Reaching for the Moon
0%
Film1936Rhythm on the Range
0%
Film1940Rhythm on the River
0%
Film1950Riding High
0%
Film1946Road to Utopia
0%
Short Film1946Rough But Hopeful
0%
TV Show1970, 1971Rowan & Martin's Laugh-In
0%
Film1959Say One for Me
0%
Film1953Scared Stiff
0%
Radio Series1941, 1943, 1947Screen Guild Theater
0%
Short Documentary1955Screen Snapshots: Hollywood Mothers and Fathers
0%
Short Documentary1949Screen Snapshots: Hollywood's Happy Homes
0%
Short Documentary1937Screen Snapshots Series 16, No. 5
0%
Short Documentary1938Screen Snapshots Series 18, No. 4
0%
Short Documentary1939Screen Snapshots Series 18, No. 9
0%
Short Documentary1940Screen Snapshots Series 19, No. 6: Hollywood Recreations
0%
Short Documentary1946Screen Snapshots Series 25, No. 10: Famous Fathers and Sons
0%
Short Documentary1945Screen Snapshots Series 25, No. 4: Hollywood Celebrations
0%
Commercial
1950sShell
0%
Film1934She Loves Me Not
0%
Short Film1943Show Business at War
0%
Short Film1956Showdown at Ulcer Gulch
0%
Short Film1933Sing, Bing, Sing
0%
Film1938Sing You Sinners
0%
Film1952Son of Paleface
0%
Radio Special1945Special V-E Day Broadcast
0%
Film1966Stagecoach
0%
Short Film1934Star Night at the Cocoanut Grove
0%
TV Show1975Stars on Sunday
0%
Film1942Star Spangled Rhythm
0%
Short Film1940Swing with Bing
0%
Documentary Series1966Telescope
0%
TV Special1975Texaco Presents: A Quarter Century of Bob Hope on Television
0%
TV Special1977Texaco Presents Bob Hope in a Very Special Special: On the Road with Bing
0%
Compilation Film1974That's Entertainment!
0%
Film1949The Adventures of Ichabod and Mr. Toad
0%
Short Film1945The All-Star Bond Rally
0%
TV Show1967-1976The American Sportsman
0%
TV Show1966The Andy Williams Show
0%
TV Show1964The Bell Telephone Hour
0%
TV Documentary1976The Bell Telephone Jubilee
0%
Film1932The Big Broadcast
0%
Film1935The Big Broadcast of 1936
0%
TV Special1954The Bing Crosby Special
0%
TV Special1958The Bing Crosby Special
0%
TV Special1968The Bing Crosby Special
0%
TV Special1966The Bob Hope Chrysler Comedy Special
0%
TV Special1970The Bob Hope Chrysler Special
0%
TV Special1965The Bob Hope Comedy Special
0%
TV Special1968The Bob Hope Variety Special
0%
TV Show1969, 1971The Carol Burnett Show
0%
TV Show1953, 1954The Colgate Comedy Hour
0%
TV Show1967The Danny Thomas Hour
0%
TV Show1971The David Frost Show
0%
TV Special1958The Dean Martin Show for Timex
0%
TV Show1963The Dinah Shore Show
0%
TV Show1961The DuPont Show of the Week
0%
TV Show1965The Eamonn Andrews Show
0%
TV Special1957The Edsel Show
0%
TV Show1953-1968The Ed Sullivan Show
0%
TV Special1968The Ed Sullivan Show - A Tribute to Irving Berlin
0%
Film1948The Emperor Waltz
0%
TV Show1971, 1972The Flip Wilson Show
0%
TV Show1971The Glen Campbell Goodtime Hour
0%
Award Show1965The Grand Award of Sports
0%
Film1952The Greatest Show on Earth
0%
Short Documentary1957The Heart of Show Business
0%
TV Show1964-1970The Hollywood Palace
0%
TV Show1954The Jack Benny Program
0%
TV Show1967, 1969The Jackie Gleason Show
0%
TV Show1976The Joe Franklin Show
0%
TV Show1967The Joey Bishop Show
0%
TV Special1970The John Wayne TV Special - Swing Out, Sweet Land
0%
TV Documentary2010The Legendary Bing Crosby
0%
Short Film1949The Legend of Sleepy Hollow
0%
TV Show1965The Magical World of Disney
0%
TV Special1966The Magic of Broadcasting
0%
Film1930The March of Time
0%
TV Show1972, 1975The Merv Griffin Show
0%
TV Show1975The Mike Douglas Show
0%
TV Show1971The Pearl Bailey Show
0%
TV Show1958, 1962The Pepsodent Show
0%
TV Show1948The Philco Television Playhouse
0%
TV Show1957The Phil Silvers Show
0%
TV Show1955The Red Skelton Hour
0%
TV Show1960The Revlon Revue
0%
TV Show1976The Rich Little Show
0%
Short Film1944The Road to Victory
0%
Short Film1944The Shining Future
0%
Film1939The Star Maker
0%
TV Show1975The Vera Lynn Show
0%
Film1943They Got Me Covered
0%
TV Special1966Timmy's Easter Parade of Stars
0%
TV Show1975, 1976Today
0%
Short Film1933Too Much Harmony
0%
TV Show1975Top of the Pops
0%
Film1949Top o' the Morning
0%
Film1935Two for Tonight
0%
Short Film1930Two Plus Fours
0%
Film1931Up for Murder
0%
Film1947Variety Girl
0%
TV Special1971Ver-r-r-ry Interesting
0%
Film1937Waikiki Wedding
0%
Film1947Welcome Stranger
0%
Film1934We're Not Dressing
0%
Theater1928Whoopee
0%
Short Documentary1950You Can Change the World
0%

Score Distribution

Percentile by Number Answered

Percent of People with Each Score

Your Score History

You have not taken this quiz since the last reset